Vidas laborales entre la continuidad y el cambio social: trayectorias ocupacionales masculinas en Monterrey, México /

En el artículo se estudian las trayectorias ocupacionales masculinas en Monterrey, México, a partir del análisis de secuencias. Se construyeron tipologías de trayectorias, explorando los cambios en el esas trayectorias en el transcurso del tiempo y estudiando las diferencias entre trayectorias según...

Full beskrivning

Sparad:
Bibliografiska uppgifter
Huvudupphovsman: Solís, Patricio
Övriga upphovsmän: Billari, Francesco C.
Materialtyp: Text
Ämnen:
Taggar: Lägg till en tagg
Inga taggar, Lägg till första taggen!

MARC

LEADER 00000 a a2200000 04500
001 7581
003
040
100 |a Solís, Patricio  
245 |a Vidas laborales entre la continuidad y el cambio social:   |b trayectorias ocupacionales masculinas en Monterrey, México /  |c FLACSO (México) /  |c Patricio Solís  
520 |a En el artículo se estudian las trayectorias ocupacionales masculinas en Monterrey, México, a partir del análisis de secuencias. Se construyeron tipologías de trayectorias, explorando los cambios en el esas trayectorias en el transcurso del tiempo y estudiando las diferencias entre trayectorias según ciertas características sociodemográficas. Por otra parte las trayectorias se asocian estrechamente con el origen social, lo que sugiere que la clase social de origen es todavía un determinante fundamental de los cursos de vida ocupacionales en Monterrey  
650 |a MERCADO DE TRABAJO  
650 |a ESTRATIFICACION SOCIAL  
650 |a MOVILIDAD DE LA MANO DE OBRA  
650 |a CAMBIO SOCIAL  
650 |a HOMBRES  
650 |a CLASIFICACION DE EMPLEOS  
650 |a TRANSICION A LA VIDA PROFESIONAL  
700 |a Billari, Francesco C.  
773 |g volumen 18, número 3 (54); páginas 559-595  
999 |c 20351  |d 20351